|
|
|
|
| LEADER |
02665nam a2200565 4500 |
| 001 |
978-3-540-46414-3 |
| 003 |
DE-He213 |
| 005 |
20191029054622.0 |
| 007 |
cr nn 008mamaa |
| 008 |
121227s2000 gw | s |||| 0|eng d |
| 020 |
|
|
|a 9783540464143
|9 978-3-540-46414-3
|
| 024 |
7 |
|
|a 10.1007/3-540-46414-X
|2 doi
|
| 040 |
|
|
|d GrThAP
|
| 050 |
|
4 |
|a TP155-156
|
| 072 |
|
7 |
|a TDC
|2 bicssc
|
| 072 |
|
7 |
|a SCI013060
|2 bisacsh
|
| 072 |
|
7 |
|a TDC
|2 thema
|
| 082 |
0 |
4 |
|a 660
|2 23
|
| 245 |
1 |
0 |
|a Biopolymers · PVA Hydrogels Anionic Polymerisation Nanocomposites
|h [electronic resource].
|
| 250 |
|
|
|a 1st ed. 2000.
|
| 264 |
|
1 |
|a Berlin, Heidelberg :
|b Springer Berlin Heidelberg :
|b Imprint: Springer,
|c 2000.
|
| 300 |
|
|
|a IX, 221 p. 15 illus.
|b online resource.
|
| 336 |
|
|
|a text
|b txt
|2 rdacontent
|
| 337 |
|
|
|a computer
|b c
|2 rdamedia
|
| 338 |
|
|
|a online resource
|b cr
|2 rdacarrier
|
| 347 |
|
|
|a text file
|b PDF
|2 rda
|
| 490 |
1 |
|
|a Advances in Polymer Science,
|x 0065-3195 ;
|v 153
|
| 505 |
0 |
|
|a Polynucleotide Analogues -- Structure and Applications of Poly(vinyl alcohol) Hydrogels Produced by Conventional Crosslinking or by Freezing/Thawing Methods -- Applications of 1,1-Diphenylethylene Chemistry in Anionic Synthesis of Polymers with Controlled Structures -- Device Applications of Polymer-Nanocomposites.
|
| 650 |
|
0 |
|a Chemical engineering.
|
| 650 |
|
0 |
|a Biochemistry.
|
| 650 |
|
0 |
|a Polymers .
|
| 650 |
|
0 |
|a Condensed matter.
|
| 650 |
|
0 |
|a Physical chemistry.
|
| 650 |
|
0 |
|a Materials science.
|
| 650 |
1 |
4 |
|a Industrial Chemistry/Chemical Engineering.
|0 http://scigraph.springernature.com/things/product-market-codes/C27000
|
| 650 |
2 |
4 |
|a Biochemistry, general.
|0 http://scigraph.springernature.com/things/product-market-codes/L14005
|
| 650 |
2 |
4 |
|a Polymer Sciences.
|0 http://scigraph.springernature.com/things/product-market-codes/C22008
|
| 650 |
2 |
4 |
|a Condensed Matter Physics.
|0 http://scigraph.springernature.com/things/product-market-codes/P25005
|
| 650 |
2 |
4 |
|a Physical Chemistry.
|0 http://scigraph.springernature.com/things/product-market-codes/C21001
|
| 650 |
2 |
4 |
|a Characterization and Evaluation of Materials.
|0 http://scigraph.springernature.com/things/product-market-codes/Z17000
|
| 710 |
2 |
|
|a SpringerLink (Online service)
|
| 773 |
0 |
|
|t Springer eBooks
|
| 776 |
0 |
8 |
|i Printed edition:
|z 9783662147016
|
| 776 |
0 |
8 |
|i Printed edition:
|z 9783662147009
|
| 776 |
0 |
8 |
|i Printed edition:
|z 9783540673132
|
| 830 |
|
0 |
|a Advances in Polymer Science,
|x 0065-3195 ;
|v 153
|
| 856 |
4 |
0 |
|u https://doi.org/10.1007/3-540-46414-X
|z Full Text via HEAL-Link
|
| 912 |
|
|
|a ZDB-2-CMS
|
| 912 |
|
|
|a ZDB-2-BAE
|
| 950 |
|
|
|a Chemistry and Materials Science (Springer-11644)
|